| 000 | 00000nam##2200000za#4500 |
| 001 | 9.580346 |
| 003 | CaOODSP |
| 005 | 20210624191008 |
| 007 | cr ||||||||||| |
| 008 | 150406|1980||||xxc|||||o f|0| 0 eng|d |
| 040 | |aCaOODSP|beng |
| 043 | |an-cn--- |
| 086 | 1 |aFs97-13/226E-PDF |
| 110 | 1 |aCanada. |bDepartment of Fisheries and Oceans. |
| 245 | 10|aExploratory midwater fishing for rockfish off the west coast of Vancouver Island, January 22-February 1, 1980 / |h[electronic resource]|cby J.E. Richards, C.P. Archibald, and L.R. Rosenfeld. |
| 260 | |aNanaimo - British Columbia : |bFisheries and Oceans Canada |c1980. |
| 300 | |a53p.|bfigs., tables |
| 490 | 1 |aCanadian data report of fisheries and aquatic sciences|vNo. 226 |
| 500 | |aFile reproduced from original print. On t. p.: Pacific Biological Station, Nanaimo, British Columbia. The catalogue number and ISSN for the print edition appear in the PDF version. |
| 546 | |a(Résumé en français) |
| 590 | |a14-15-Supp|b2014-09-04 |
| 720 | 1 |aArchibald, C. P. |
| 720 | 1 |aRosenfeld, L. |
| 720 | 1 |aRichards, J. E. |
| 830 | #0|aCanadian data report of fisheries and aquatic sciences ;|vNo. 226|w(CaOODSP)9.505124 |
| 856 | 40|ahttp://publications.gc.ca|qPDF|s876 KB|uhttps://publications.gc.ca/collections/collection_2014/mpo-dfo/Fs97-13-226-eng.pdf|yNo. 226 |